000 00928nam a22002057a 4500
003 OSt
005 20251004142756.0
008 240405b ||||| |||| 00| 0 eng d
040 _c0
082 _aDPer 621.381 Ie21 October 2022 v. 37 n. 10
100 _aLi, Fei.
_eauthor.
_956148
245 _aA novel integrated matrix magnetics for isolated single-stage DC–DC converter /
_cFei Li, Laili Wang, and Longyang YuNew York; The Institute of Electrical and Electronics Engineers, Inc., October 2022.
260 _aNew York ;
_bThe Institute of Electrical and Electronics Engineers, Inc. ,
_cOctober 2022.
300 _aVolume 37, pages 12380-12390 :
_billustration ;
_c28 cm.
500 _aIEEE Transactions on Power Electronics, v. 37, n. 10, pages 12380-12390, October 2022.
700 _aLi, Fei.
_eauthor.
_956148
700 _aWang, Laili.
_eauthor.
_956149
700 _aYu, Longyang.
_eauthor.
_956150
942 _2ddc
_cPER
999 _c20041
_d20041